000 01056nam a2200277 i 4500
003 DO-SdBNP
005 20250621074010.0
006 a||||gr|||| 00| 0
007 ta
008 240807b dr ab||| |||| 00| e spa d
040 _aDO-SdBNP
_bspa
_cBNPHU
_erda
082 4 _2324.27293
_aC389p
_b22
100 _aLivio Cedeño, Víctor
_946200
_eautor
245 1 0 _aLos partidos políticos en la República Dominicana /
_bVíctor Livio Cedeño; prólogo, Julio Genaro Campillo Pérez.
264 _a[Santo Domingo] :
_bFundación Isabel Jiménez
_c[190?]
300 _axiv, 242 páginas :
_bilustraciones, mapas ;
_c21 cm.
336 _2rdacontent
_atexto
_btxt
337 _2rdamedia
_asin mediación
_bn
338 _2rdacarrier
_avolumen
_bnc
590 _aInventariado 2024 / MF
650 4 _aPartidos políticos
_93367
_zRepública Dominicana
650 4 _aElecciones
_96411
_zRepública Dominicana
651 0 _aRepública Dominicana
_xPolítica y gobierno
_945
700 1 _aCampillo Pérez, Julio Genaro,
_d1922-2001
_938918
_eprólogo
942 _2ddc
_cLBS1
999 _c57387
_d57387